| 000 | 00344 a2200157 4500 | ||
|---|---|---|---|
| 001 | 187336 | ||
| 020 | _a978-85-209-1992-7 | ||
| 040 | _cMagnum | ||
| 240 | 1 | 0 |
_aA montanha e o rio _lpor |
| 245 | 1 | 0 | _aA montanha e o rio |
| 300 | _a493 | ||
| 362 | 0 | _a2007 | |
| 440 | 1 | _aNova Fronteira | |
| 697 | _aLITERATURA GERAL ESTRANGEIRA | ||
| 942 | _cBK | ||
| 999 |
_c187336 _d187336 |
||